000 00504nam a2200181Ia 4500
005 20250326125223.0
008 250326s9999 xx 000 0 und d
037 _aTextbook
040 _aFMSL
_beng
_cFMSL
041 _aeng
_2eng
084 _aX5:54ok77 K8
_qFMSL
100 _aMeier G M
_9735231
245 0 _aInternational economics of development
_cMeier G M
260 _aNY
_bNY, Harper & Row
_c1968
300 _a338p
942 _cTB
_hX5:54ok77 K8
999 _c1277062
_d1277062